00613 2200229 4500001002100000005001700021020002200038035002400060040001200084082001900096084002300115090002300138100001200161245005900173260002700232300002400259500003100283650001200314700002500326850001200351990002000363YOGYA00000000009876820140920095737.0 a978-979-29-3878-4 0010-021400000000280 aYOPDYOG 2[22]a364.1323 aDEP 364.1323 Kar F aDEP 364.1323 Kar F aKARYONO aForensia fraudcKaryono ; editor, Dewibertha Hardjono. aYogyakartabAndic2013 ax, 220 hlm.c23 cm. aBibliografi : hlm. 219-220 aKorupsi aDewibertha Hardjono. aYOPDYOG aCB-D.112013-645